000 00302nam a22001337a 4500
008 170220b xxu||||| |||| 00| 0 eng d
020 _awwspecial
041 _aeng
080 _25TH
_a615
100 _a5
101 _aSHF
245 _aPRINCIPLES OF AMBULATORY MEDICINE
_cBARKER, L.R
942 _2udc
_cBK
999 _c5790
_d5790